Pokémon - Attacken von Donphan in KA/PU - Statistiken

Allgemein
  • Dieses Quiz wurde 2 mal gespielt
  • Das Durchschnittsergebnis liegt bei 33 aus 73
Antwortstatistiken
Antwort % Korrekt
Bodycheck
100%
Charme
100%
Dampfwalze
100%
Delegator
100%
Donnerzahn
100%
Eisenschädel
100%
Erdbeben
100%
Erdkräfte
100%
Feuerzahn
100%
Gyroball
100%
Hyperstrahl
100%
Knuddler
100%
Regentanz
100%
Risikotackle
100%
Sandsturm
100%
Schaufler
100%
Schutzschild
100%
Sonnentag
100%
Steinhagel
100%
Steinkante
100%
Tackle
100%
Wegbereiter
100%
Bodyslam
50%
Eisenabwehr
50%
Eiskreisel
50%
Eissplitter
50%
Eiszahn
50%
Erholung
50%
Felsgrab
50%
Fluch
50%
Gigastoß
50%
Heuler
50%
Konter
50%
Lehmschelle
50%
Lehmschuss
50%
Pferdestärke
50%
Rammboss
50%
Raub
50%
Sandgrab
50%
Schallwelle
50%
Schlafrede
50%
Slam
50%
Turbodreher
50%
Walzer
50%
Abschlag
0%
Antik-Kraft
0%
Ausdauer
0%
Body Press
0%
Brüller
0%
Dreschflegel
0%
Einigler
0%
Energiefokus
0%
Fassade
0%
Fruststampfer
0%
Furienschlag
0%
Geofissur
0%
Gewissheit
0%
Gifthieb
0%
Grimasse
0%
Hornattacke
0%
Katapult
0%
Kopfstoß
0%
Mülltreffer
0%
Neck Strike
0%
Notsituation
0%
Rechte Hand
0%
Samenbomben
0%
Schmalhorn
0%
Schnarcher
0%
Tarnsteine
0%
Tera-Ausbruch
0%
Zuflucht
0%
Zugabe
0%
Keine übereinstimmenden Quizze gefunden
Verteilung der Resultate
Anzahl Personen mit jedem Resultat
Perzentil nach korrekt beantworteten Fragen
Ihre Resultats-Entwicklung
Sie haben dieses Quiz noch nicht gespielt